The contested origins of the 1865 Arabic Bible : contributions to the nineteenth century Nahḍa /
This study examines the history of an Arabic Bible translation of American missionaries in late Ottoman Syria. Comparing the history of this project as recorded by the American missionaries with private correspondence and the manuscripts of the translation, The Contested Origins of the 1865 Arabic B...
المؤلف الرئيسي:
التنسيق: كتاب الكتروني
اللغة: English
منشور في:
Leiden ; Boston :
Brill,
2015.
سلاسل:
The History of Christian-Muslim Relations
26.
Middle East and Islamic Studies E-Books Online, Collection 2016, ISBN: 9789004303935.
الموضوعات:
الوصول للمادة أونلاين: Login to view Source
الوسوم: إضافة وسم
رقم الطلب: BS315.A69 G73 2015
| LEADER | 02999nam a2200457 i 4500 | ||
|---|---|---|---|
| 001 | BRILL9789004307100 | ||
| 003 | nllekb | ||
| 005 | 20211118222142.0 | ||
| 006 | m d | ||
| 007 | cr un uuuua | ||
| 008 | 151016s2015 ne sb 001 0 eng d | ||
| 010 | |a 2015035254 | ||
| 020 | |a 9789004307100 |q (electronic book) | ||
| 020 | |z 9789004307070 |q (print) | ||
| 024 | 7 | |a 10.1163/9789004307100 |2 DOI | |
| 040 | |a NL-LeKB |c NL-LeKB |e rda | ||
| 050 | 4 | |a BS315.A69 |b G73 2015 | |
| 072 | 7 | |a HBJF1 |2 bicssc | |
| 072 | 7 | |a HIS026000 |2 bisacsh | |
| 082 | 0 | 4 | |a 220.5/927 |2 23 |
| 100 | 1 | |a Grafton, David D. | |
| 245 | 1 | 4 | |a The contested origins of the 1865 Arabic Bible : |b contributions to the nineteenth century Nahḍa / |c by David D. Grafton. |
| 264 | 1 | |a Leiden ; |a Boston : |b Brill, |c 2015. | |
| 300 | |a 1 online resource. | ||
| 336 | |a text |b txt |2 rdacontent | ||
| 337 | |a computer |b c |2 rdamedia | ||
| 338 | |a online resource |2 rdacarrier | ||
| 490 | 0 | |a History of Christian-Muslim relations ; |v v. 26 | |
| 504 | |a Includes bibliographical references and index. | ||
| 505 | 0 | 0 | |a Preliminary Material -- 1 Contested Origins and Contested Contributions -- 2 The American Syrian Mission: Evangelism, Schools and the Press -- 3 Debate over the Origins and American Contributions to the Nahḍa -- 4 Contributions to Nineteenth Century Biblical Scholarship -- 5 The Text of the 1865 Arabic Bible Translation -- 6 Reception of the Translation -- 7 Overstated, Overlooked, and Undervalued Contributions -- Appendix -- Bibliography -- Index of Subjects and Names. |
| 506 | |a Available to subscribing member institutions only. | ||
| 520 | |a This study examines the history of an Arabic Bible translation of American missionaries in late Ottoman Syria. Comparing the history of this project as recorded by the American missionaries with private correspondence and the manuscripts of the translation, The Contested Origins of the 1865 Arabic Bible provides new evidence for the Bible's compilation, including the seminal role of Syrian Christians and Muslims. This research also places the project within the wider social-political framework of a transforming Ottoman Empire, where the rise of a literate class in Beirut served as a catalyst for the Arabic literary renaissance (Nahḍa), and within the international field of New Testament textual studies. | ||
| 630 | 0 | 0 | |a Bible. |l Arabic. |s Van Dyck. |
| 630 | 0 | 0 | |a Bible. |l Arabic |x Versions |x History. |
| 776 | 0 | 8 | |i Print version: |t The Contested Origins of the 1865 Arabic Bible: Contributions to the Nineteenth Century Nahḍa |d Leiden, Boston : BRILL, 2016, |z 9789004307070 |
| 830 | 0 | |a The History of Christian-Muslim Relations |v 26. | |
| 830 | 0 | |a Middle East and Islamic Studies E-Books Online, Collection 2016, ISBN: 9789004303935. | |
| 856 | 4 | |z DOI: |u http://dx.doi.org/10.1163/9789004307100 | |
| 942 | |2 lcc |c EBOOK | ||
| 952 | |0 0 |1 0 |2 lcc |4 0 |7 1 |9 22904 |a BRILL |b BRILL |d 2021-11-18 |l 0 |r 2021-11-18 00:00:00 |w 2021-11-18 |y EBOOK | ||
| 999 | |c 40378 |d 40378 | ||
